000 00385nam a22001457a 4500
020 _a9788183213370
082 _a372.6
_bDAN/TE
100 _aDangi, K.L
_982
245 _aTextbook of communication skills
260 _aUdaipur
_bAgrotech Publishing Academy
_c2014
700 _aSisodia, S.S
_983
700 _aChauhan, Pravesh Singh
_984
700 _aRanawat, Yogita
_985
942 _cBK
999 _c14095
_d14095